000 00447nam a22001697a 4500
003 NUST - PNEC
005 20170116180913.0
008 150903b xxu||||| |||| 00| 0 eng d
020 _a0070568456
040 _cLIBRARY
082 _a620.1 SHI
100 _97259
_aShigley, Joseph Edward
245 _aApplied mechanics of materials
_cJoseph Edward Shigley
260 _cc.1976
650 _97261
_aMechanical engineering
_xME
942 _2ddc
_cBK
999 _c65369
_d65369